El Archivo General de la nación de Colombia : (Registro nro. 3608)
[ vista simple ]
| 000 -LEADER | |
|---|---|
| fixed length control field | 01034nam a2200289Ia 4500 |
| 003 - CONTROL NUMBER IDENTIFIER | |
| control field | OSt |
| 005 - DATE AND TIME OF LATEST TRANSACTION | |
| control field | 20200326120636.0 |
| 008 - FIXED-LENGTH DATA ELEMENTS--GENERAL INFORMATION | |
| fixed length control field | 191128s2009 ck gr 000 0 spa d |
| 020 ## - INTERNATIONAL STANDARD BOOK NUMBER | |
| International Standard Book Number | 9789298389 |
| 040 ## - CATALOGING SOURCE | |
| Original cataloging agency | CO-JMCR |
| Transcribing agency | CO-JMCR |
| 082 04 - DEWEY DECIMAL CLASSIFICATION NUMBER | |
| Classification number | 025.1714 / |
| Item number | P153a |
| 100 1# - MAIN ENTRY--PERSONAL NAME | |
| Personal name | Palacios, Jorge, |
| Relator term | autor |
| 9 (RLIN) | 1934 |
| 245 10 - TITLE STATEMENT | |
| Title | El Archivo General de la nación de Colombia : |
| Remainder of title | diseño y funcionalidad / |
| Statement of responsibility, etc. | Jorge Palacios, Ernesto Jaimes, Mauricio Tovar, William Martínez ; ilustrador Rogelio Salmona |
| 260 ## - PUBLICATION, DISTRIBUTION, ETC. | |
| Place of publication, distribution, etc. | Bogotá |
| 260 ## - PUBLICATION, DISTRIBUTION, ETC. | |
| Name of publisher, distributor, etc. | Archivo General de la Nación, |
| 260 ## - PUBLICATION, DISTRIBUTION, ETC. | |
| Date of publication, distribution, etc. | 2009 |
| 300 ## - PHYSICAL DESCRIPTION | |
| Extent | 19 páginas ; |
| Dimensions | 24 cm |
| 546 ## - LANGUAGE NOTE | |
| Language note | spa |
| 650 14 - SUBJECT ADDED ENTRY--TOPICAL TERM | |
| Topical term or geographic name entry element | Tablas de retención |
| General subdivision | Guías Tema |
| 9 (RLIN) | 1935 |
| 650 24 - SUBJECT ADDED ENTRY--TOPICAL TERM | |
| Topical term or geographic name entry element | Organización de archivos |
| General subdivision | Guías |
| 9 (RLIN) | 1936 |
| 650 24 - SUBJECT ADDED ENTRY--TOPICAL TERM | |
| Topical term or geographic name entry element | Traslado de fondos documentales |
| General subdivision | Guías |
| 9 (RLIN) | 1937 |
| 650 24 - SUBJECT ADDED ENTRY--TOPICAL TERM | |
| Topical term or geographic name entry element | Administración de archivos |
| General subdivision | Guías |
| 9 (RLIN) | 1938 |
| 700 1# - ADDED ENTRY--PERSONAL NAME | |
| Personal name | Jaimes, Ernesto |
| Relator term | autor |
| 9 (RLIN) | 1939 |
| 700 1# - ADDED ENTRY--PERSONAL NAME | |
| Personal name | Tovar, Mauricio, |
| Relator term | autor |
| 9 (RLIN) | 1940 |
| 700 1# - ADDED ENTRY--PERSONAL NAME | |
| Personal name | Salmona, Rogelio, |
| Relator term | ilustrador |
| 9 (RLIN) | 1941 |
| 942 ## - ADDED ENTRY ELEMENTS (KOHA) | |
| Source of classification or shelving scheme | Dewey Decimal Classification |
| Koha item type | Books |
| Withdrawn status | Lost status | Source of classification or shelving scheme | Materials specified (bound volume or other part) | Damaged status | Not for loan | Home library | Current library | Date acquired | Source of acquisition | Cost, normal purchase price | Total Checkouts | Full call number | Barcode | Date last seen | Date last checked out | Copy number | Price effective from | Koha item type |
|---|---|---|---|---|---|---|---|---|---|---|---|---|---|---|---|---|---|---|
| Dewey Decimal Classification | Donación--10/07/2018-- | Biblioteca Pública José María del Castillo y Rada | Biblioteca Pública José María del Castillo y Rada | 11/28/2019 | Donación | 0.00 | 1 | 025.1714 / P153a | 201807479 | 05/16/2024 | 01/30/2024 | Ej.1 | 11/28/2019 | Books |